|
|
|
|
| LEADER |
00000nam a22000007a 4500 |
| 005 |
20150813232223.0 |
| 007 |
cr|||| |||| |
| 008 |
150813s2015 es |||||s|||| 00||0 spa d |
| 020 |
|
|
|a 978-84-15179-98-6
|
| 035 |
|
|
|a 12835
|
| 040 |
|
|
|a vLex
|
| 090 |
|
|
|c 5552
|d 5552
|
| 100 |
1 |
|
|a Fernǹdez-Gallardo, Javier ℓngel
|
| 245 |
1 |
0 |
|a Cuestiones actuales del Proceso Penal
|h [Recurso electrn̤ico] /
|c Javier ℓngel Fernǹdez-Gallardo
|
| 256 |
|
|
|a Servicio en ln̕ea
|
| 260 |
|
|
|a Barcelona:
|b Ediciones Experiencia,
|c 2015
|
| 300 |
|
|
|a 1 recurso electrn̤ico
|
| 506 |
1 |
|
|a Disponible solo en los productos indicados
|d vLex Global
|d vLex Global (Academic Edition, excluding Law Schools)
|d vLex Global (U.S. Academic Edition, Law Schools)
|d vLex Global (U.S. Academic Edition, excluding Law Schools)
|d vLex Global (Academic Edition, Law Schools)
|
| 650 |
0 |
4 |
|a Procedimiento Penal
|z Espaą
|
| 740 |
0 |
|
|a vLex Libros (Servicio en ln̕ea)
|
| 856 |
4 |
0 |
|u http://vlex.com/source/cuestiones-actuales-del-proceso-penal-12835
|z Acceso restringido
|
| 942 |
|
|
|c BOOK
|
| 999 |
0 |
|
|a Criminal Procedure
|